| 000 | 00619nam a22002057a 4500 | ||
|---|---|---|---|
| 999 |
_c9658 _d9658 |
||
| 003 | AR-CdUCM | ||
| 008 | 190304b ||||| |||| 00| 0 spa d | ||
| 040 |
_aMUNICIPALIDAD PROVINCIAL DEL CUSCO _cBIBLIOTECA MUNICIPAL DEL CUSCO |
||
| 082 |
_a868.41 / _bH84E / 1950 |
||
| 100 |
_aHuanay, Julian _98621 |
||
| 245 | _aEl Retoño / | ||
| 260 |
_aLima : _bSiglo ; _c1950. |
||
| 300 |
_a122 páginas ; _c17cm. |
||
| 500 | _aCon dedicatoria a Luis Nieto -- Donación de la familia Nieto | ||
| 505 | _aNovela | ||
| 650 |
_aLiteratura peruana _9169 |
||
| 650 |
_aNovela peruana _9234 |
||
| 942 |
_2ddc _cLIBROS |
||
| 945 | _admma | ||